00507cam a22001217a 4500008004000000082001500040245010300055260005000158300001100208700006100219999001900280952008600299180718b1958 xxu||||| |||| 00| 0 eng d aX2x42 Un3f aFlats and houses : design and economycby Ministry of Housing and Local Government, United Kingdom aLondonbHer Majesty's Stationery Officec1958 a154+p. aUnited Kingdom.Ministry of Housing and Local Government, c425173d425173 00104070aIIPAbIIPAd2009-10-06oX2x42 Un3fp17456r2018-07-21w2018-07-21yBK